| 000 | 00758nam a2200253 i 4500 | ||
|---|---|---|---|
| 001 | Mimo0000117814 | ||
| 003 | OSt | ||
| 005 | 20151022114840.0 | ||
| 008 | 880429s1982 sp spa | ||
| 020 | _a84-217-0051-0 | ||
| 040 | _cBMC | ||
| 082 | _a840.3 | ||
| 100 | 1 |
_aSimenon, Georges _d1903-1989 |
|
| 245 | 1 | 4 |
_aLas memorias de Maigret _cGeorges Simenon; [traductores, Carmen Soler Blanch] |
| 260 | 1 |
_aBarcelona _bOrbis _c1982 |
|
| 300 |
_a156 p. _c20 cm |
||
| 490 | 0 | _aBiblioteca contemporanea | |
| 546 | _aTraducción de: Les memoires de Maigret | ||
| 650 | 2 | 4 |
_936675 _aNovela belga |
| 700 | 1 |
_aSoler Blanch, Carmen _936951 |
|
| 740 | 0 | 0 | _aMaigret y el hombre del banco |
| 740 | 0 | 0 | _aMaigret tiene miedo |
| 942 |
_2ddc _cBK _hprozim |
||
| 999 |
_c23135 _d23135 |
||